书目信息 |
| 题名: |
大明宫
|
|
| 作者: | 周冰 著 | |
| 分册: | ||
| 出版信息: | 北京 人民出版社 2009.06 |
|
| 页数: | 160页 | |
| 开本: | 24cm | |
| 丛书名: | ||
| 单 册: | ||
| 中图分类: | K878.3 | |
| 科图分类: | ||
| 主题词: | 宫殿--gong dian--文化遗址--简介--西安市--唐代 | |
| 电子资源: | ||
| ISBN: | 978-7-01-007948-6 | |
| 000 | 00967nam0 2200253 450 | |
| 001 | 012010614501 | |
| 005 | 20100624144259.53 | |
| 010 | @a978-7-01-007948-6@dCNY35.00 | |
| 100 | @a20100624d2009 em y0chiy0120 ea | |
| 101 | 0 | @achi |
| 102 | @aCN@b110000 | |
| 105 | @aa z 000yy | |
| 106 | @ar | |
| 200 | 1 | @a大明宫@Ada ming gong@e灼热的大遗址@e制文化权时代的人类文明制高点@f周冰著@Fzhou bing zhu |
| 210 | @a北京@c人民出版社@d2009.06 | |
| 215 | @a160页@c图@d24cm | |
| 330 | @a本书介绍了千宫之宫、西望长安、大唐风云三部分内容。讲述了作者的心路历程,尤其是认识大明宫、寻找大明宫、在大明宫的思考中,留下了完整的规划记忆。 | |
| 517 | 1 | @a灼热的大遗址@Azhuo re de da yi zhi |
| 517 | 1 | @a制文化权时代的人类文明制高点@Azhi wen hua quan shi dai de ren lei wen ming zhi gao dian |
| 606 | 0 | @a宫殿@Agong dian@x文化遗址@x简介@y西安市@z唐代 |
| 690 | @aK878.3@v4 | |
| 701 | 0 | @a周冰@Azhou bing@4著 |
| 801 | 0 | @aCN@bQSSK@c20100624 |
| 905 | @b782475-77@dK878.3@eZ752@f3 | |
| 大明宫:灼热的大遗址:制文化权时代的人类文明制高点/周冰著.-北京:人民出版社,2009.06 |
| 160页:图;24cm |
| ISBN 978-7-01-007948-6:CNY35.00 |
| 本书介绍了千宫之宫、西望长安、大唐风云三部分内容。讲述了作者的心路历程,尤其是认识大明宫、寻找大明宫、在大明宫的思考中,留下了完整的规划记忆。 |
| ● |
| 相关链接 |
|
|
|
正题名:大明宫
索取号:K878.3/Z752
 
预约/预借
| 序号 | 登录号 | 条形码 | 馆藏地/架位号 | 状态 | 备注 |
| 1 | 782475 | 207824755 | 社科库309/309社科库 9排2列2层/ [索取号:K878.3/Z752] | 在馆 | |
| 2 | 782476 | 207824764 | 社科库309/309社科库 9排2列2层/ [索取号:K878.3/Z752] | 在馆 | |
| 3 | 782477 | 207824773 | 社科库309/309社科库 9排2列2层/ [索取号:K878.3/Z752] | 在馆 |